[Event "ARM-ROW m"]
[Site "Moscow"]
[Date "2004.06.13"]
[Round "4"]
[White "Lputian, Smbat G"]
[Black "Bacrot, Etienne"]
[Result "0-1"]
[WhiteElo "2634"]
[BlackElo "2675"]
[Annotator "Huebner,R"]
[PlyCount "108"]
[EventDate "2004.06.10"]
[EventType "team"]
[EventRounds "6"]
[EventCountry "RUS"]
[SourceTitle "CBM 102"]
[Source "ChessBase"]
[SourceDate "2004.09.23"]
[SourceVersion "1"]
[SourceVersionDate "2004.09.23"]
[SourceQuality "1"]
[WhiteTeam "Armenia"]
[BlackTeam "Rest of the World"]
[WhiteTeamCountry "ARM"]

1. d4 d5 2. c4 c6 3. Nf3 Nf6 4. Nc3 a6 5. c5 Nbd7 6. Bf4 Nh5 7. Be3 g6 8. g4
Nhf6 9. h3 Bg7 10. Bg2 O-O 11. O-O h5 12. g5 Nh7 (12... Ne8 13. Bf4 e5 14. Nxe5
Nxe5 15. dxe5 Nc7 16. h4 Ne6 17. Bg3 Nxc5 $11 {1/2-1/2 Vasilevich,T-Rychagov,A/
Korinthos 2002/CBM 89 ext (47). (47)}) 13. Qd2 e5 14. Nxe5 Nxe5 15. dxe5 Bxe5
16. f4 Bg7 17. Bd4 Bxd4+ 18. Qxd4 Bf5 $11 19. Rad1 Re8 20. Rfe1 Qc7 21. Qf2
Rad8 22. e4 dxe4 23. Rxd8 Qxd8 24. Nxe4 Bxe4 25. Rxe4 $6 (25. Bxe4 {sieht
etwas besser aus; die Dame des Schwarzen kann nicht so aktiv werden wie nach
dem Textzug.}) 25... Rxe4 26. Bxe4 Nf8 27. Kg2 $6 (27. h4 {scheint mir die
plausibelste Fortsetzung zu sein; es ist wichtig, daß Weiß jederzeit f4-f5
spielen kann. Nach} Qd1+ 28. Kh2 Qa4 29. Bb1 Ne6 30. f5 gxf5 31. Bxf5 Qxa2 32.
Qe2 {sollte Weiß ohne größere Mühe remis halten, zum Beispiel} Ng7 (32... Qd5
33. Bxe6 fxe6 34. Qxh5 $11) (32... Qb3 33. Bxe6 fxe6 (33... Qxe6 34. Qxe6 fxe6
35. Kg3 {und Weiß gewinnt.}) 34. Qd2 Qd5 35. Qe2 $11) 33. Bc8 Qd5 34. Qe3 Qd8
35. Bh3 {usw.}) 27... Qe7 28. Bc2 a5 {Diese Einschaltung erleichtert die
Aufgabe des Weißen. Nach} (28... Ne6 29. b4 Qc7 30. f5 (30. Kg3 Nxg5 31. Qd4 (
31. Qe3 Nh7 (31... Ne6 {wird mit} 32. Bxg6 {beantwortet.}) 32. a3 Nf6 {ist
auch nicht einfach für Weiß.}) 31... Ne6 32. Qd6 Kg7 {bietet dem Schwarzen
auch einige Gewinnaussichten.}) 30... Nf4+ 31. Kf3 ({Nach} 31. Kh1 gxf5 (31...
Qe5 32. fxg6 fxg6 33. Bb3+ {gibt dem Schwarzen keinen Vorteil.}) 32. Bxf5 Qe5
33. Bc8 Nd3 (33... Qxg5 34. Qg1 {bringt dem Schwarzen nur Verdruß.}) 34. Qf6
Qd5+ 35. Kh2 Nxb4 {ist es unklar, ob Weiß überleben kann.}) 31... Nd5 (31...
Nxh3 32. Qg3 (32. Qe3 {ist nicht besser: Schwarz antwortet} Qd8) 32... Qxg3+
33. Kxg3 Nxg5 34. fxg6 $11) 32. Qg3 Qxg3+ 33. Kxg3 Nxb4 34. Bb1 Kg7 35. Kf3 a5
{ist nicht klar, ob Weiß sich halten kann.}) 29. a3 (29. h4 Ne6 30. f5 gxf5 31.
Bxf5 Nxc5 32. Qd4 {sollte zum Erreichen des Unentschieden genügen.}) 29... Ne6
30. b4 axb4 31. axb4 Qc7 32. Kg3 $6 {Einfacher ist} (32. f5 Nf4+ 33. Kf3 ({Nach
} 33. Kh1 gxf5 34. Bxf5 Qe5 35. Bc8 Qxg5 36. Bxb7 Nd3 37. Qg2 Qxg2+ 38. Kxg2
Nxb4 {hat Schwarz vielleicht noch einige Gewinnchancen.}) 33... Nxh3 (33... Nd5
34. fxg6 Qf4+ 35. Ke2 {bringt dem Schwarzen nichts.}) 34. Qg3 Qxg3+ 35. Kxg3
Nxg5 36. fxg6 Ne6 37. Kh4 {Weiß hält remis.}) 32... Nxg5 33. Qd4 (33. Qe3 Nh7 (
33... Ne6 34. Bxg6) 34. Qe5 Qxe5 35. fxe5 Ng5 {ist nicht besser.}) 33... Nh7 $6
(33... Ne6 34. Qd6 Kg7 {bietet bessere Gewinnaussichten.}) 34. Qd6 Qc8 ({Nach} 
34... Qxd6 35. cxd6 Kf8 36. Kh4 f5 (36... Ke8 37. f5 Nf8 38. Kg5 Kd7 39. Kf6 {
bietet dem Schwarzen keinerlei Aussichten.}) 37. Bb3 {sollte sich Weiß ohne
allzu große Mühe halten können; Schwarz kann nicht verhindern, daß der König
des Weißen schließlich mit Kraft nach g5 gelangt.}) 35. f5 gxf5 36. Kf4 Qe6 37.
Qxe6 $2 {Dies ist unverständlich; gedachte Weiß mit dem Einmarsch des Königs
am gegnerischen Damenflügel zu gewinnen? Nach dem naheliegenden} (37. Bxf5 Qc4+
38. Ke3 (38. Kg3 $2 {wird mit} Qxb4 {beantwortet; das Feld g3 muß für die Dame
des Weißen freibleiben.}) 38... Qc3+ (38... Qxb4 39. Qg3+ $11) 39. Ke2 Nf6 40.
Bd3 {sollte Weiß sich halten können.}) 37... fxe6 $19 38. Ke5 Kf7 39. Bb3 Ng5
40. Kd6 f4 41. Kc7 f3 42. Kxb7 f2 43. Bc4 Nf3 44. b5 Nd2 45. Be2 cxb5 46. c6
Nc4 47. c7 Nd6+ 48. Kb6 Ke7 49. Bxb5 Nxb5 50. c8=Q f1=Q 51. Qc5+ Kd8 52. Qxh5
Nd6 53. Kc6 Nf7 54. h4 Qa6+ 0-1

[Event "FIDE-Wch k.o."]
[Site "Tripoli"]
[Date "2004.06.22"]
[Round "2.4"]
[White "Acs, Peter"]
[Black "Movsesian, Sergei"]
[Result "1-0"]
[WhiteElo "2548"]
[BlackElo "2647"]
[Annotator "Huebner,R"]
[PlyCount "65"]
[EventDate "2004.06.19"]
[EventType "k.o."]
[EventRounds "7"]
[EventCountry "LBY"]
[SourceTitle "CBM 102"]
[Source "ChessBase"]
[SourceDate "2004.09.23"]
[SourceVersion "1"]
[SourceVersionDate "2004.09.23"]
[SourceQuality "1"]

1. d4 Nf6 2. c4 c6 3. Nf3 d5 4. Nc3 a6 5. e3 b5 6. b3 Bg4 7. Be2 Nbd7 8. O-O e6
9. h3 Bh5 10. Bb2 Bd6 11. Ne5 Bxe2 12. Nxe2 Qc7 13. cxb5 cxb5 14. Rc1 Qb8 15.
Nxd7 Nxd7 16. e4 dxe4 17. d5 O-O 18. dxe6 Nc5 19. Nf4 Ra7 20. Nh5 Nxe6 21. Nf6+
gxf6 ({Die Fortsetzung} 21... Kh8 22. Qh5 h6 23. Nxe4 Bh2+ 24. Kh1 Bf4 {
dürfte zum Ausgleich genügen. Aber der Textzug ist nicht zu tadeln.}) 22. Qg4+
Ng5 23. Bxf6 h6 24. Rc6 (24. Bxg5 {scheitert an} f5) 24... Be5 (24... Bh2+ 25.
Kh1 Qf4 26. Qh5 {ist auch hier nicht für Schwarz zu empfehlen.}) (24... Re8 25.
Rd1 Bh2+ 26. Kh1 Be5 27. h4 Bxf6 28. Rxf6 Qc8 {ergibt dagegen eine ungefähr
ausgeglichene Stellung.}) 25. h4 Bh2+ $2 ({Richtig ist} 25... Bxf6 26. Rxf6 Qc8
27. Rf5 (27. Qg3 Qc7 28. Qg4 Qc8 $11) 27... f6 ({Auch nach} 27... Re8 28. hxg5
h5 29. Qf4 Qc3 {Schwarz sollte sich halten können.}) 28. hxg5 fxg5 29. Rxf8+
Qxf8 30. Qxe4 Qf6 {Weiß hat keinen nennenswerten Vorteil.}) 26. Kh1 Qf4 27. Qh5
$18 Nh7 {Auch andere Züge sind hoffnungslos.} (27... Ne6 28. Rxe6 $18) 28. Bd4
Rfa8 29. Rxh6 f6 30. Rg6+ Rg7 31. Qd5+ Kf8 32. Bc5+ Ke8 33. Qe6+ 1-0

[Event "FIDE-Wch k.o."]
[Site "Tripoli"]
[Date "2004.06.21"]
[Round "2.1"]
[White "Acs, Peter"]
[Black "Movsesian, Sergei"]
[Result "1-0"]
[WhiteElo "2548"]
[BlackElo "2647"]
[Annotator "Huebner,R"]
[PlyCount "81"]
[EventDate "2004.06.19"]
[EventType "k.o."]
[EventRounds "7"]
[EventCountry "LBY"]
[SourceTitle "CBM 102"]
[Source "ChessBase"]
[SourceDate "2004.09.23"]
[SourceVersion "1"]
[SourceVersionDate "2004.09.23"]
[SourceQuality "1"]

1. d4 Nf6 2. c4 c6 3. Nf3 d5 4. Nc3 a6 5. e3 b5 6. b3 Bg4 7. Be2 Nbd7 8. O-O e6
9. h3 Bh5 10. Bb2 Bd6 11. Ne5 Bxe2 12. Nxe2 Qc7 13. cxd5 cxd5 14. Rc1 Qb8 15.
Nxd7 Nxd7 (15... Kxd7 {führt zum Ausgleich.}) 16. e4 dxe4 (16... b4 17. Rc6 {
1/2-1/2 Avrukh,B-Morozevich,A/Bled 2002/EXT 2003 (17).}) 17. d5 O-O (17... e5
18. Ng3 O-O (18... Nf6 19. Nf5 {ist für Schwarz fatal.}) 19. Nxe4 f5 20. Nxd6
Qxd6 21. Rc6 {gibt dem Weißen deutlichen Vorteil.}) 18. dxe6 Nc5 (18... fxe6
19. Ng3 e3 20. Qg4 (20. fxe3 Rxf1+ 21. Nxf1 $14) 20... Rf7 21. fxe3 {bringt
Unbequemlichkeiten für Schwarz mit sich.}) 19. Nf4 Ra7 (19... Bxf4 20. Rxc5
fxe6 21. Qd7 (21. Qg4 Rf7 {kommt ungefähr auf dasselbe hinaus.}) 21... Rf7 22.
Qxe6 Qe8 {genügt zum Ausgleich.}) 20. Nh5 (20. Qd5 Nxb3 21. axb3 Bxf4 22. Rce1
$11) 20... fxe6 ({Einfacher ist} 20... Nxe6 21. Qd5 (21. Nf6+ {geschah in
einer zweiten Partie zwischen denselben Gegnern bei derselben Veranstaltung.
Weiß gewann, aber der Zug sollte auch nur zum Ausgleich führen.}) 21... Bh2+
22. Kh1 Nf4 23. Nxf4 Bxf4 24. Rce1 $11) 21. Bd4 Rc7 $2 ({Besser ist} 21... Nd3
22. Bxa7 Qxa7 23. Rc2 Qd4 {Schwarz hat genügend Kompensation für das geopferte
Material; Dd4-e5 ist eine sehr starke Drohung.} 24. Qa1 Qxa1 25. Rxa1 Bc5 26.
Ng3 Bxf2+ 27. Kh2 e3 {ist sicher nicht nachteilig für Schwarz.}) 22. Qg4 Rff7
23. b4 Nd3 24. Rxc7 Qxc7 25. Nxg7 Nxf2 26. Bxf2 Rxg7 27. Qxe6+ Rf7 28. Be3 $6 (
28. Qg4+ Kf8 29. Qxe4 Qc4 30. Qa8+ ({Nach} 30. Re1 Qxe4 (30... Bxb4 {scheitert
an} 31. Qe8+ Kg7 32. Qe5+) 31. Rxe4 Rc7 32. g4 (32. g3 Rc2 33. a3 Rc3 {ist
kaum aussichtsreicher für Weiß.}) 32... Kf7 {dürfte Weiß nicht gewinnen können.
}) 30... Kg7 31. Qxa6 Bh2+ 32. Kxh2 Qxf1 33. Bd4+ Kf8 34. Qa8+ Ke7 35. Bc5+ {
bietet dem Weißen eher einige Erfogsaussichten.}) 28... Qc4 $11 29. Qg4+ Rg7
30. Qf5 Bxb4 $2 (30... Rg6 31. Rc1 Qe6 32. Rc8+ Kg7 33. Bd4+ Kh6 {, und
Schwarz hält sich.}) 31. Rc1 (31. Qe5 {führt ebenfalls auf einfache Weise zum
Gewinn:} Bf8 32. Bd4 Qc7 33. Rxf8+ Kxf8 34. Bc5+ {usw.}) 31... Qf7 32. Qxe4 $2
{Dies erlaubt dem Schwarzen, Widerstand zu leisten. Zum Gewinn führt} (32. Qc8+
Bf8 (32... Qf8 {scheitert an} 33. Qe6+ Qf7 34. Rc8+ Bf8 35. Rxf8+ Kxf8 36. Bc5+
) 33. Rf1 Qe7 34. Rf5 Rf7 35. Rg5+ Rg7 36. Bc5 Qf6 37. Rf5 Rc7 38. Qxf8+) 32...
Bf8 33. Bd4 $6 (33. Rf1 Qe7 34. Qd5+ Rf7 35. Rf3 {bietet noch eher Aussichten
auf einen vollen Punkt.}) 33... Qg6 (33... Rg5 {mit der Absicht, Df7-d5 oder
Df7-g6 folgen zu lassen, bietet dem Schwarzen ausgezeichnete
Überlebensaussichten.}) 34. Qd5+ Rf7 $2 (34... Qf7 35. Qe5 Qe7 36. Qf5 Qe8 {
dürfte noch immer zur Rettung reichen.}) 35. Rc8 $18 Qh6 36. Qe5 Rg7 37. Rxf8+
Kxf8 38. Bc5+ Kf7 39. Qe7+ Kg6 40. Qe6+ Kh5 41. g4+ 1-0

[Event "NED-ch51 playoff"]
[Site "Amsterdam"]
[Date "1996.11.11"]
[Round "1"]
[White "Timman, Jan H"]
[Black "Sokolov, Ivan"]
[Result "0-1"]
[WhiteElo "2590"]
[BlackElo "2670"]
[Annotator "Huebner,R"]
[PlyCount "66"]
[EventDate "1996.11.11"]
[EventType "match"]
[EventRounds "4"]
[EventCountry "NED"]
[SourceTitle "CBM 056"]
[Source "ChessBase"]
[SourceDate "1997.02.01"]
[SourceVersion "1"]
[SourceVersionDate "1997.02.01"]
[SourceQuality "1"]

1. d4 d5 2. c4 c6 3. Nf3 Nf6 4. Nc3 a6 5. g3 dxc4 6. a4 g6 {Die mir
vorliegenden Partiebeispiele gingen mit} (6... e6 {weiter.}) 7. Bg2 Bg7 8. O-O
O-O 9. e3 (9. a5 $5) 9... a5 10. Ne5 Na6 11. Nxc4 Nb4 12. Qe2 (12. b3 $5) 12...
Bg4 (12... b6 $5) 13. f3 Be6 14. Rd1 ({Weiß sollte mit} 14. b3 {, und falls} c5
{, so} 15. Nb5 {, Ausgleich anstreben.}) 14... c5 15. dxc5 (15. Nb5 $5) 15...
Qc7 16. Nb6 Rad8 17. Rxd8 {Hiernach dürften die Schwierigkeiten dem Weißen
über den Kopf wachsen. Kleiner bliebe meines Erachtens die Initiative des
Schwarzen nach} (17. e4 Rxd1+ 18. Nxd1 Qxc5+ 19. Be3 Qc2 $15 20. Qf2 ({Auch
die Fortsetzung} 20. Bf1 Qxe2 21. Bxe2 Nc2 22. Rc1 Nxe3 23. Nxe3 Nxe4 {("Die
Schachwoche" 46/1996, S.3) ist nicht ganz klar:} 24. Nbd5 Bxb2 25. Rc7) 20...
Rd8 21. Nc3) 17... Rxd8 18. e4 Rd3 $1 (18... Ng4 19. fxg4 Qxc5+ 20. Be3 Bd4 21.
Nbd5 Bxd5 22. Nxd5 Nxd5 23. exd5 Bxe3+ 24. Kh1 $11 {ist augenscheinlich weit
weniger überzeugend.}) 19. Bf1 (19. Be3 Rxe3 20. Qxe3 Nc2 $19 21. Nb5 Qe5) (19.
Qf2 Nxe4 $19) 19... Ng4 (19... Qxc5+ 20. Qf2 Qxf2+ 21. Kxf2 $11) 20. Nbd5 (20.
fxg4 Qxc5+ 21. Kh1 (21. Qf2 $2 Bd4 $19) 21... Qxb6 $17) 20... Qxc5+ 21. Kg2
Bxd5 22. Nxd5 Nxd5 23. exd5 Ne5 24. Bf4 Qxd5 25. Ra3 $6 (25. Rc1 h5 26. Be3 Rb3
{Die Stellung sollte für Schwarz gewonnen sein.}) 25... Rxa3 $19 26. bxa3 Nc6
27. Qb5 Qa2+ 28. Kh3 Qxa3 29. Bd3 h6 30. Be4 Qa1 31. Kg2 Qa2+ 32. Kh1 (32. Kh3
Qf2 {verspricht natürlich auch keine Rettung.}) 32... Qf2 33. Qb1 e5 0-1

[Event "Hastings 9596"]
[Site "Hastings"]
[Date "1996.??.??"]
[Round "6"]
[White "Lalic, Bogdan"]
[Black "Hodgson, Julian M"]
[Result "1/2-1/2"]
[WhiteElo "2590"]
[BlackElo "2590"]
[Annotator "Huebner,R"]
[PlyCount "82"]
[EventDate "1995.12.??"]
[EventType "tourn"]
[EventRounds "9"]
[EventCountry "ENG"]
[EventCategory "13"]
[SourceTitle "CBM 051"]
[Source "ChessBase"]
[SourceDate "1996.04.01"]
[SourceVersion "1"]
[SourceVersionDate "1996.04.01"]
[SourceQuality "1"]

1. d4 d5 2. c4 c6 3. Nf3 Nf6 4. Nc3 a6 5. Ne5 b5 6. cxd5 cxd5 7. g3 Bb7 8. Bg2
e6 9. O-O Be7 10. Bf4 Nc6 (10... Nbd7 {sieht natürlicher aus.}) 11. Rc1 Qb6 12.
e4 $1 Nxe5 (12... Qxd4 13. exd5 $18) 13. dxe5 Nxe4 14. Nxe4 dxe4 15. Qg4 g5 16.
Be3 h5 17. Qe2 (17. Qxh5 $5 Rxh5 18. Bxb6 g4 19. Bc7 {mit der Absicht, Tf1-e1
folgen zu lassen, kam in Betracht.}) 17... Qa5 18. b3 {Der Textzug scheint mir
zu langsam.} (18. Bd4 Qxa2 19. Bxe4 Bxe4 20. Qxe4 Qd5 {führt zu nichts, aber})
(18. f4 {verdient Anempfehlung, zum Beispiel} b4 (18... g4 19. f5 Qxa2 (19...
Bd5 20. fxe6 Bxe6 (20... fxe6 21. b3 $16) 21. Bxe4 $16) 20. Rc7 Bd5 21. fxe6) (
18... exf3 19. Bxf3 Bxf3 20. Qxf3 O-O 21. Qxh5 b4 22. Rc4) 19. fxg5 Qxe5 20.
Qf2 O-O 21. Bd4 Qxg5 22. Rc7 {mit den Drohungen 23.Txb7 und 23.Le3.}) 18... Rd8
19. f4 b4 20. Qf2 O-O 21. Bb6 (21. Bc5 Bxc5 22. Rxc5 Qb6 23. fxg5 Rd2) 21...
Qb5 22. Bxd8 Bxd8 {Hier hat Schwarz meines Erachtens reichlich Kompensation
für das aufgegebene Material.} 23. Kh1 Bb6 24. Qb2 h4 25. fxg5 hxg3 (25... h3
26. Bxh3 e3+ 27. Bg2 e2 28. Rfe1 Bxg2+ 29. Kxg2 Qd5+ 30. Kh3 Kg7 31. Qxe2 {
ist nicht ausreichend für Schwarz.}) 26. g6 (26. hxg3 $2 Kg7 {ist offenbar
fatal für Weiß.}) 26... Bf2 27. Rxf2 gxf2 28. Qxf2 Qxe5 29. Qb6 (29. gxf7+ Rxf7
30. Qg3+ Qxg3 31. hxg3 Rd7 {überläßt dem Schwarzen noch einige Chancen.}) 29...
Bd5 30. gxf7+ Rxf7 31. Rg1 Kh7 (31... Rg7 32. Qd8+ Kh7 33. Qh4+ $10) 32. Qxb4
Rg7 (32... e3 $4 33. Qh4+ $18) 33. Qe1 Rg4 (33... e3 34. Qh4+ Kg8 35. Qd8+ $10)
34. Qe3 Qg5 35. Qxg5 Rxg5 36. Re1 Re5 37. Kg1 e3 38. Bxd5 exd5 39. Kf1 Rf5+ (
39... d4 40. Ke2 $14) 40. Ke2 Rf2+ 41. Kxe3 Rxa2 1/2-1/2

[Event "Moscow Aeroflot op-A"]
[Site "Moscow"]
[Date "2006.02.11"]
[Round "4"]
[White "Najer, Evgeniy"]
[Black "Savchenko, Boris"]
[Result "1-0"]
[WhiteElo "2652"]
[BlackElo "2569"]
[Annotator "Huebner,R"]
[PlyCount "71"]
[EventDate "2006.02.08"]
[EventType "swiss"]
[EventRounds "9"]
[EventCountry "RUS"]
[SourceTitle "CBM 112"]
[Source "ChessBase"]
[SourceDate "2006.06.07"]
[SourceVersion "1"]
[SourceVersionDate "2006.06.07"]
[SourceQuality "1"]

1. d4 Nf6 2. c4 c6 3. Nc3 d5 4. Nf3 a6 5. c5 Nbd7 6. Bf4 Nh5 7. Bd2 Nhf6 8. Qc2
Qc7 9. e4 e5 10. exd5 cxd5 11. O-O-O Be7 (11... exd4 12. Re1+ Be7 13. Nxd4 Nxc5
{kommt sehr in Betracht für Schwarz.}) 12. g4 {Natürlich sind auch normale
Züge nicht ausgesprochen schlecht.} Nxc5 $2 {Das gilt auch für diesen Zug:} ({
zum Beispiel} 12... exd4 13. Nxd4 Bxc5 14. Re1+ Kf8 {mit unklarer Stellung.})
13. dxe5 {Dieser Zug gewinnt. Andere Züge sind schwächer:} (13. dxc5 Bxg4 14.
Be2 d4 15. Ne4 Nxe4 16. Qxe4 f5 {ist unerfreulich für Weiß.}) ({Nach} 13. g5
exd4 14. Nxd4 (14. gxf6 {ist schwach:} dxc3 15. fxg7 (15. Bxc3 gxf6 $17) (15.
fxe7 cxd2+ $17) 15... cxd2+ 16. Kb1 Rg8 17. Qxh7 Rxg7 18. Qxg7 Bf5+ 19. Ka1
Nb3+ 20. axb3 Qa5#) 14... Nfe4 15. Nxd5 Qe5 {entsteht eine etwa gleiche
Stellung:} 16. Nxe7 Qxd4 (16... Nxd2 17. Nxc8 Rxc8 18. Rxd2 Nb3+ 19. axb3 Rxc2+
20. Nxc2 Qxg5 21. Bg2 {ist vorteilhaft für Weiß.}) 17. Be3 (17. Bc3 Qxf2 18.
Qxf2 Nxf2 19. Bxg7 Nxd1 20. Bxh8 Kxe7 21. Bf6+ Kd6 22. Kxd1 Ne4 {mit besserer
Stellung für Schwarz;}) (17. Ba5 Qxf2 18. Rd8+ Kxe7 19. Rxh8 Qxc2+ 20. Kxc2 Nf2
{mit Ausgleich.}) 17... Qe5 18. Re1 Be6 {usw.}) 13... Bxg4 14. exf6 Bxf3 15.
fxg7 Rg8 16. Qxh7 Rxg7 17. Qxg7 Bxh1 18. Kb1 $2 ({Zum Gewinn führt} 18. Qg8+
Bf8 19. Re1+ Ne4 (19... Ne6 20. Bh3 Be4 21. Bxe6 fxe6 22. Qxe6+ Qe7 23. Qg4 {
, und Weiß gewinnt.}) (19... Be4 20. f3 O-O-O 21. fxe4 d4 22. Nd5 {ist
ebenfalls hoffnungslos für Schwarz.}) 20. Qg4 {Schwarz kann Materialverlust
nicht vermeiden.}) 18... Ne6 $2 (18... Ne4 $11) (18... Bf8 19. Qh7 Be4+ 20.
Nxe4 Nxe4 21. Be3 {Weiß behält Vorteil, denn Schwarz kann nicht rochieren.})
19. Qg8+ Bf8 20. Bh3 Bf3 21. Re1 O-O-O 22. Bg5 Re8 23. Re3 $18 Bh5 (23... Bh1 {
bringt keine Rettung:} 24. Nb5 axb5 (24... Qd7 25. Rc3+ Kb8 26. Bf4+ Ka8 27.
Nc7+ {, und Weiß gewinnt.}) 25. Rc3 Be4+ 26. Ka1 Kb8 27. Rxc7 Nxc7 28. Qxf7 Bg6
29. Qxg6 Re1+ 30. Qb1 Rxb1+ 31. Kxb1 Bd6 32. f4 d4 33. f5 Bxh2 34. f6 Bd6 35.
Bh6) 24. Nxd5 Qxh2 25. Bxe6+ fxe6 26. Rc3+ Kb8 27. Bf4+ Bd6 28. Bxh2 Rxg8 29.
Bxd6+ Ka7 30. Bc5+ Kb8 31. Bd6+ Ka7 32. Bc5+ Kb8 33. Nf4 Be8 34. Nxe6 Rg1+ 35.
Kc2 Bg6+ 36. Kd2 1-0

[Event "Moscow Aeroflot op-A"]
[Site "Moscow"]
[Date "2006.02.09"]
[Round "2"]
[White "Eljanov, Pavel"]
[Black "Savchenko, Boris"]
[Result "1-0"]
[WhiteElo "2655"]
[BlackElo "2569"]
[Annotator "Huebner,R"]
[PlyCount "69"]
[EventDate "2006.02.08"]
[EventType "swiss"]
[EventRounds "9"]
[EventCountry "RUS"]
[SourceTitle "CBM 112"]
[Source "ChessBase"]
[SourceDate "2006.06.07"]
[SourceVersion "1"]
[SourceVersionDate "2006.06.07"]
[SourceQuality "1"]

1. d4 Nf6 2. c4 c6 3. Nc3 d5 4. Nf3 a6 5. c5 Nbd7 6. Bf4 Nh5 7. Bg5 h6 8. Bd2
Nhf6 9. Qc2 e6 $6 {Dies ist ein neuer Zug. Er sieht nicht sonderlich
ansprechend aus: der Läufer auf c8 wird eingesperrt, und es wird darauf
verzichtet, e7-e5 in einem Zug durchzusetzen. Es folgen Beispiele mit früheren
Vorbildern zu dieser Stellung:} (9... Qc7 10. e4 dxe4 (10... e5 {kommt auch in
Betracht:} 11. exd5 cxd5 12. b4 e4 (12... exd4 13. Nxd4 (13. Na4 Be7 14. Bd3 a5
15. O-O axb4 16. Rfe1 Qa5 17. c6 bxc6 18. Nxd4 Bb7 19. Nf5 Qxa4 20. Rxe7+ Kf8
21. Qxa4 Rxa4 22. Rae1 Kg8 23. Nd6 Ba6 $13 {1-0 Jobava,B-Volkov,S/playchess.
com 2005/CBM 106 ext (56). (55)}) 13... b6 14. c6 Ne5 $13 {0-1 Scarella,
E-Cubas,J/Vicente Lopez 2005/CBM 107 ext (32). (32)}) 13. Ng1 Nb8 {mit
unklarer Lage. Der Textzug ist einfacher und sicherer.}) 11. Nxe4 Nxe4 12. Qxe4
Nf6 13. Qc2 Be6 14. Bd3 Nd7 (14... Bd5 {sieht gut genug aus.}) 15. O-O Bd5 16.
Rfe1 e6 17. Ne5 Nxe5 18. dxe5 Be7 19. Rac1 O-O 20. Qa4 f5 $11 {1/2-1/2 Topalov,
V-Kasparov,G/Linares 2004/CBM 100/[Huebner,R] (36). (35)}) (9... g6 10. Bf4 (
10. g4 Qc7 11. g5 Nh5 12. e4 dxe4 13. Nxe4 hxg5 14. Nexg5 Ng7 15. Bc4 e6 16.
O-O-O Be7 17. Bxe6 Nxe6 18. Nxe6 fxe6 19. Qxg6+ Kd8 20. Ng5 Nf8 21. Nf7+ Kd7
22. Qe4 {1/2-1/2 Lisko,F-Maros,M/SVK 2001/EXT 2002 (22).}) (10. h3 Bg7 11. Bf4
O-O 12. e3 Ne4 13. Nxe4 dxe4 14. Nd2 e5 15. dxe5 Nxe5 16. Nxe4 Bf5 17. Bxe5
Bxe5 18. Bd3 Qa5+ 19. Ke2 Rad8 $11 {1-0 Lomineishvili,M-Stefanova,A/Saint
Vincent 2005/CBM 108 ext (46). (45)}) 10... Nh5 11. Be5 Nxe5 12. Nxe5 Be6 13.
e3 Bg7 14. f4 Bf5 15. Bd3 e6 16. Nf3 Nf6 17. h3 h5 18. O-O O-O 19. b4 Nd7 20.
Rab1 Qc7 21. Rfc1 Bf6 22. Nd1 Bxd3 23. Qxd3 Rfe8 24. Nf2 Bg7 25. Qc3 Qd8 26.
Rc2 Qe7 27. Rcb2 Ra7 28. Qc2 Raa8 29. Nd3 Nf6 30. Nf2 Nd7 {1/2-1/2
Kacheishvili,G-Kamsky,G/Minneapolis 2005/CBM 107 (30).}) 10. e4 b6 11. exd5 $6
(11. e5 {sieht plausibler aus:} Ne4 (11... Ng8 12. cxb6 c5 13. Na4 {dürfte dem
Weißen ebenfalls Vorteil überlassen.}) 12. Nxe4 dxe4 13. Qxe4 bxc5 14. Qxc6 Rb8
15. Bxa6 Bxa6 16. Qxa6 {Schwarz hat es nicht leicht zu beweisen, daß er
genügende Kompensation für den Bauern hat, denn er ist auch noch nicht voll
entwickelt.}) 11... exd5 12. cxb6 Nxb6 13. O-O-O {Dies isi eine originelle
Idee, die bestimmend für den weiteren Partieverlauf ist.} Bd7 14. Kb1 Be7 15.
Ne5 O-O 16. Rg1 c5 17. dxc5 Bxc5 18. g4 Bxf2 19. Rg2 Bd4 20. Nxd7 Nfxd7 $2 {
Zu etwa gleichem Spile führt die Fortsetzung} (20... Qxd7 21. Bxh6 (21. g5 hxg5
22. Bxg5 Be5 {ist für Schwarz in Ordnung.}) 21... Bxc3 22. Qxc3 Qa4 23. Rd4 Ne4
24. Qd3 Qc6 {usw.}) 21. g5 hxg5 ({Auch nach} 21... h5 22. Qd3 (22. g6) 22...
Be5 23. Qf3 g6 (23... d4 24. Ne4 g6 25. Bb4 {kostet den Schwarzen die Qualität,
denn} Re8 {wird mit} 26. Rf2 {beantwortet.}) 24. Nxd5 Nxd5 25. Qxd5 {ist die
Stellung des Schwarzen unbequem.}) 22. Bxg5 Bf6 23. Nxd5 Bxg5 24. Nxb6 Qxb6 25.
Rxg5 {Der Vorteil des Weißen ist offensichtlich: seine Angriffsaussichten sind
weit besser als die des Schwarzen. Der Läufer ist dem Springer weit überlegen,
g7 ist leichter angreifbar als b2 und die halboffene h-Linie verursacht dem
Schwarzen weitere Probleme. Wahrscheinlich steht Weiß auf Gewinn.} Qh6 26. Qg2
Nf6 27. Bc4 Rab8 28. Rg1 Ne8 29. Bxa6 Rb4 30. Bb5 g6 31. Qd5 Qh7 32. Bd3 Kg7
33. Rh5 Qg8 34. Qe5+ Nf6 35. Rf5 1-0